000 00209nam a22001217a 4500
040 _cHS
082 _a636
100 _aNA
245 _aSplanchnology
260 _aNA
_bNA
_cNA
300 _a499p;
942 _cEK
999 _c9854
_d9854